15 największych państw w Europie (powierzchnia) - Statystyki

Ogólne statystyki
  • Ten quiz został rozwiązany 1 068 razy
  • Średni wynik to 14 z 15
Statystyki odpowiedzi
Powierzchnia (km2) Państwo % Poprawnych
17 075 400 Rosja
99%
312 696 Polska
98%
551 695 Francja
97%
505 944 Hiszpania
97%
357 578 Niemcy
96%
603 700 Ukraina
96%
450 295 Szwecja
95%
302 073 Włochy
95%
385 207 Norwegia
94%
338 145 Finlandia
92%
244 820 Wielka Brytania
89%
783 562 Turcja
88%
207 595 Białoruś
85%
238 391 Rumunia
83%
131 957 Grecja
78%
Nie znaleziono quizów pasujących do podanych kryteriów
Rozkład punktacji
Procent ludzi z każdym wynikiem
Percentyl według liczby udzielonych odpowiedzi
Twoja historia wyników
Nie rozwiązałeś tego quizu